000 00185 a2200097 4500
020 _a9780836880267
041 _aspa
100 _aMattern, Joanne
245 _aGiganotosaurio
942 _cBK
999 _c9667
_d9667